Pays membres de la Société des Nations - Statistiques

Statistiques générales
  • Ce quiz a été pris 705 fois
    588 depuis la dernière actualisation
  • Le résultat moyen est 48 sur 63
Statistiques - réponses
Période Pays % Correct
1919 - 1941 France
99%
1926 - 1933 Allemagne
96%
1919 - 1939 Espagne
94%
1919 - 1946 Royaume-Uni
93%
1919 - 1946 Canada
92%
1919 - 1946 Chine
92%
1919 - 1946 Portugal
92%
1919 - 1933 Japon
90%
1919 - 1946 Suède
90%
1919 - 1946 Australie
89%
1919 - 1926 Brésil
89%
1919 - 1937 Italie
89%
1919 - 1946 Belgique
88%
1919 - 1946 Norvège
88%
1919 - 1946 Argentine
87%
1931 - 1946 Mexique
87%
1920 - 1946 Finlande
86%
1932 - 1946 Turquie
86%
1920 - 1938 Autriche
85%
1919 - 1946 Pays-Bas
85%
1919 - 1946 Pologne
85%
1919 - 1946 Grèce
84%
1919 - 1946 Suisse
84%
1919 - 1940 Danemark
83%
1919 - 1946 Colombie
82%
1922 - 1939 Hongrie
82%
1919 - 1938 Chili
81%
1923 - 1946 Irlande
81%
1919 - 1946 Inde
78%
1919 - 1946 Nouvelle-Zélande
78%
1919 - 1946 Uruguay
78%
1919 - 1946 Afrique du Sud
77%
1920 - 1942 Luxembourg
77%
1919 - 1935 Paraguay
77%
1919 - 1939 Pérou
76%
1919 - 1938 Venezuela
76%
1919 - 1946 Bolivie
75%
1919 - 1940 Roumanie
75%
1934 - 1939 Union Soviétique
75%
1920 - 1925 Costa Rica
74%
1920 - 1946 Bulgarie
73%
1937 - 1946 Egypte
73%
1919 - 1946 Panama
73%
1919 - 1946 Cuba
72%
1934 - 1946 Equateur
72%
1919 - 19411944 - 1946 Yougoslavie
72%
1920 - 1939 Albanie
71%
1921 - 1946 Estonie
69%
1919 - 1936 Honduras
69%
1921 - 1946 Lituanie
69%
1919 - 1936 Guatemala
68%
1921 - 1946 Lettonie
68%
1923 - 1946 Ethiopie
66%
1919 - 1936 Nicaragua
66%
1919 - 1939 Tchécoslovaquie
64%
1919 - 1937 Salvador
63%
1932 - 1946 Irak
62%
1919 - 1946 Siam / Thailande
60%
1934 - 1946 Afghanistan
58%
1919 - 1942 Haïti
56%
1924 - 1946 République dominicaine
48%
1919 - 1946 Libéria
46%
1919 - 1934 Perse
19%
Aucun quiz correspondant
Distribution des résultats
% des personnes avec chaque résultat
Percentile par nombre de réponses
Votre historique - résultats
Vous n’avez pas pris ce quiz depuis la dernière actualisation